[Event "FIDE World Bl Team Pool C"]
[Site "London ENG"]
[Date "2025.06.14"]
[Round "12.6"]
[White "Yontar, Sabrican Onay"]
[Black "Ziems, Michael"]
[Result "1-0"]
[WhiteElo "1941"]
[BlackElo "1904"]
[WhiteTeam "Generation XYZA"]
[BlackTeam "Berlin Chess Federation"]
[WhiteFideId "6373623"]
[BlackFideId "24678490"]
[EventDate "2025.06.14"]
[EventType "team"]

1. e4 e6 2. b3 d5 3. Bb2 Nf6 4. e5 Nfd7 5. f4 c5 6. Qg4 Nc6 7. Nf3 g6 8. Bb5 Qb6
9. a4 a6 10. Bxc6 bxc6 11. Nc3 c4 12. a5 Qb8 13. Nd4 c5 14. Nxe6 Nxe5 15. fxe5
Qxe5+ 16. Qe2 Qxe2+ 17. Nxe2 Rg8 18. Nc7+ Kd7 19. Nxa8 Bb7 20. Nb6+ Kc6 21. O-O
f5 22. bxc4 dxc4 23. Nxc4 Bh6 24. d3 Kc7 25. Be5+ Kc6 26. Rab1 Ba8 27. Rb6+ Kd7
28. Rxa6 1-0

[Event "FIDE World Bl Team Pool C"]
[Site "London ENG"]
[Date "2025.06.14"]
[Round "12.1"]
[White "Tan, Justin2"]
[Black "Gurevich, Ilya"]
[Result "1-0"]
[WhiteTitle "GM"]
[BlackTitle "GM"]
[WhiteElo "2512"]
[BlackElo "2586"]
[WhiteTeam "Wood Green Youth"]
[BlackTeam "e-therapeutics"]
[WhiteFideId "3206882"]
[BlackFideId "2000628"]
[EventDate "2025.06.14"]
[EventType "team"]

1. Nf3 Nf6 2. g3 g6 3. Bg2 Bg7 4. O-O d5 5. c4 dxc4 6. Na3 c3 7. bxc3 O-O 8. Bb2
c5 9. c4 Nc6 10. Nc2 Be6 11. d3 Qc8 12. Re1 Bh3 13. Bh1 h6 14. e4 Rd8 15. a3 Qd7
16. e5 Ng4 17. e6 Qxd3 18. exf7+ Kxf7 19. Bxg7 Qxd1 20. Raxd1 Kxg7 21. Rd5 b6
22. Nh4 Rdc8 23. f4 Rc7 24. Be4 Nf6 25. Bxg6 Nxd5 26. cxd5 Nd4 27. Ne3 Rd8 28.
Be4 e6 29. g4 exd5 30. Nxd5 Rcd7 31. Ne3 Re8 32. Bh1 Kf8 33. Ng6+ Kg7 34. Ne5
Rde7 35. Nd5 Re6 36. Nc7 Rxe5 37. fxe5 Rf8 38. Nd5 Kg6 39. Ne3 Kg5 40. Nd5 Kxg4
41. e6 Re8 42. Nf6+ Kf4 43. Nxe8 1-0

[Event "FIDE World Bl Team Pool C"]
[Site "London ENG"]
[Date "2025.06.14"]
[Round "12.2"]
[White "Williams, Simon K"]
[Black "Derakhshani, Borna"]
[Result "0-1"]
[WhiteTitle "GM"]
[BlackTitle "FM"]
[WhiteElo "2444"]
[BlackElo "2348"]
[WhiteTeam "e-therapeutics"]
[BlackTeam "Wood Green Youth"]
[WhiteFideId "404454"]
[BlackFideId "12518450"]
[EventDate "2025.06.14"]
[EventType "team"]

1. e4 c5 2. b4 cxb4 3. a3 b3 4. c4 e5 5. Nf3 Nc6 6. Qxb3 Bc5 7. Bd3 d6 8. h3 Nf6
9. O-O Rg8 10. Nc3 g5 11. Be2 g4 12. hxg4 Nxg4 13. Na4 Qf6 14. Nxc5 dxc5 15. Bb2
Qg6 16. Ne1 h5 17. d4 exd4 18. Qg3 Nge5 19. Qh4 Bg4 20. f3 Be6 21. f4 Bxc4 22.
fxe5 Bxe2 23. Rf6 Qg4 24. Qxg4 Bxg4 25. Nd3 Nxe5 26. Nxe5 Bh3 27. Kh2 Be6 28.
Raf1 Rg7 29. Bc1 Ke7 30. Bh6 Rh7 31. Nd3 b6 32. e5 c4 33. Nb4 Rc8 34. Bg5 Ke8
35. Rd1 d3 36. Be3 Rg7 37. Rh6 a5 38. Na2 Bd5 39. Rd2 c3 40. Nxc3 Rxc3 41. Bxb6
Rxa3 42. Rh8+ Kd7 43. Rxh5 a4 44. Rh4 Rb3 45. Rd4 Ke6 46. Bc7 a3 47. Ra4 Rc3 48.
Ra6+ Kd7 49. Bd6 Rc2 50. Ra7+ Ke6 51. Re7+ Kf5 52. Rxd3 Rcxg2+ 53. Kh3 Rh7# 0-1

[Event "FIDE World Bl Team Pool C"]
[Site "London ENG"]
[Date "2025.06.14"]
[Round "12.3"]
[White "Haydon, David L"]
[Black "Mortazavi, Ali"]
[Result "0-1"]
[WhiteTitle "FM"]
[BlackTitle "IM"]
[WhiteElo "2284"]
[BlackElo "2333"]
[WhiteTeam "Wood Green Youth"]
[BlackTeam "e-therapeutics"]
[WhiteFideId "415405"]
[BlackFideId "401323"]
[EventDate "2025.06.14"]
[EventType "team"]

1. Nf3 Nf6 2. e3 g6 3. b3 Bg7 4. Bb2 O-O 5. c4 d6 6. d4 Nbd7 7. Nc3 e5 8. Qc2
Re8 9. dxe5 dxe5 10. Rd1 e4 11. Ng5 Qe7 12. Nb5 Nc5 13. b4 Nd3+ 14. Bxd3 exd3
15. Qxd3 Qxb4+ 16. Bc3 Qe7 17. O-O a6 18. Nd4 Bd7 19. Nb3 Rad8 20. Qe2 b6 21.
Rfe1 h6 22. Nf3 Ne4 23. Bxg7 Kxg7 24. Qb2+ Qf6 25. Qxf6+ Kxf6 26. Rc1 c5 27. Rc2
Bf5 28. Rb2 Rd6 29. h3 g5 30. Nh2 Red8 31. Nf3 h5 32. Nh2 Rd1 33. Rb1 Rxe1+ 34.
Rxe1 a5 35. Nf1 a4 36. Nc1 Nc3 37. Ne2 Nxa2 38. Ra1 Nb4 39. Rxa4 Bd3 40. Nc3
Bxc4 41. Ng3 h4 42. Nge4+ Kg6 43. f4 gxf4 44. exf4 Rd3 45. Ra8 f5 46. Rb8 fxe4
47. Rxb6+ Kf5 48. Na4 Rd1+ 49. Kf2 Nd3+ 50. Ke3 Re1+ 51. Kd2 Ra1 52. Nc3 Rg1 53.
Nd1 Rxg2+ 54. Kc3 Rg1 55. Ne3+ Kxf4 56. Nxc4 Rc1+ 57. Kb3 Rb1+ 58. Kc2 Rxb6 59.
Nxb6 Kg3 60. Kd2 Ne5 61. Ke3 Kxh3 62. Nd5 Ng6 63. Nf6 Kg3 64. Nxe4+ Kg2 0-1

[Event "FIDE World Bl Team Pool C"]
[Site "London ENG"]
[Date "2025.06.14"]
[Round "12.4"]
[White "Sivanandan, Bodhana"]
[Black "Balaji, Aaravamudhan"]
[Result "1-0"]
[WhiteTitle "WFM"]
[BlackTitle "IM"]
[WhiteElo "2109"]
[BlackElo "2346"]
[WhiteTeam "e-therapeutics"]
[BlackTeam "Wood Green Youth"]
[WhiteFideId "497592"]
[BlackFideId "436224"]
[EventDate "2025.06.14"]
[EventType "team"]

1. e4 g6 2. d4 Bg7 3. Nc3 d6 4. Nf3 Nf6 5. Bd3 O-O 6. O-O Nc6 7. Be3 e5 8. dxe5
dxe5 9. Bb5 Ng4 10. Bc5 Re8 11. Bxc6 bxc6 12. h3 Nh6 13. Qxd8 Rxd8 14. Rad1 Be6
15. a3 f6 16. Be7 Re8 17. Bc5 Nf7 18. Rd2 Bh6 19. Rdd1 a5 20. b3 Rad8 21. Rfe1
Nd6 22. Kf1 Nb5 23. Nb1 Nd6 24. Nc3 Bf8 25. a4 Kf7 26. Rd2 Rd7 27. Red1 Red8 28.
Ke2 Bh6 29. Be3 Bxe3 30. Kxe3 Ke7 31. Ne1 f5 32. f3 f4+ 33. Ke2 g5 34. Nd3 Nf7
35. Nc5 Rxd2+ 36. Rxd2 Rxd2+ 37. Kxd2 Bc8 38. Na2 Kd6 39. Nd3 c5 40. Nc3 c6 41.
Nd1 Nd8 42. N1b2 Ba6 43. c3 h5 44. Ke1 Ne6 45. Kd2 Nd8 46. Ke1 Nf7 47. Kd2 Nh6
48. Ke1 Ng8 49. Kd2 Nf6 50. Ke1 g4 51. hxg4 hxg4 52. Nf2 g3 53. Nfd3 Nh7 54. Ke2
Ng5 55. Ke1 Nf7 56. Ke2 Nd8 57. Ke1 Ne6 58. Ke2 Nd8 59. Ke1 Nb7 60. Ke2 c4 61.
Nxc4+ Bxc4 62. bxc4 Nd8 63. c5+ Ke6 64. Nb2 Nb7 65. Nd3 Kf6 66. Kd2 Ke6 67. Ke2
Nd8 68. Nb2 Nb7 69. Nd3 Kf6 70. Kd2 Nd8 71. Nb2 Ne6 72. Nc4 Nxc5 73. Nxa5 Nxa4
74. Nxc6 Nc5 75. Ke2 Ke6 76. Nb4 Kd6 77. Nd3 Ne6 78. Kd2 Ng5 79. Ke2 Nf7 80. c4
Kc6 81. c5 Kb5 82. Kd2 Ng5 83. Ke2 Nf7 84. Kd2 Kc6 85. Kc3 Ng5 86. Nxe5+ Kxc5
87. Nd3+ Kd6 88. Nxf4 Ke5 89. Ne2 Ne6 90. Kd3 Kf6 91. Ke3 Kg5 92. Nxg3 Nf4 93.
Kf2 Nd3+ 94. Kf1 Nf4 95. Ne2 Ne6 96. Kf2 Kf6 97. Ke3 Nd8 98. g4 Kg5 99. e5 Ne6
100. Ke4 Kg6 101. f4 Nc5+ 102. Kd5 Nd3 103. e6 Nf2 104. g5 Ng4 105. f5+ Kxg5
106. Nd4 Nf6+ 107. Kd6 Kf4 108. e7 Ke4 109. Ke6 Ne8 110. f6 Kxd4 111. f7 1-0

[Event "FIDE World Bl Team Pool C"]
[Site "London ENG"]
[Date "2025.06.14"]
[Round "12.5"]
[White "Camp, Imogen A L"]
[Black "Pert, Max"]
[Result "1/2-1/2"]
[WhiteTitle "WCM"]
[BlackTitle "FM"]
[WhiteElo "1915"]
[BlackElo "2277"]
[WhiteTeam "Wood Green Youth"]
[BlackTeam "e-therapeutics"]
[WhiteFideId "1802240"]
[BlackFideId "456845"]
[EventDate "2025.06.14"]
[EventType "team"]

1. d4 d5 2. c4 e6 3. Nc3 c5 4. cxd5 cxd4 5. Qxd4 Nc6 6. Qd1 exd5 7. Nf3 d4 8.
Ne4 Bf5 9. Ng3 Bg6 10. e4 Nf6 11. Bd3 Bd6 12. Nf5 Bxf5 13. exf5 O-O 14. O-O Qc7
15. a3 Rad8 16. Bg5 Kh8 17. Rc1 Qa5 18. Qb3 Rd7 19. Rfd1 Ng4 20. h3 Nge5 21. Bb1
f6 22. Bd2 Qc7 23. Nxd4 Nxd4 24. Rxc7 Nxb3 25. Rxd7 Nxd7 26. Bc3 Bxa3 27. bxa3
Ndc5 28. Bb4 Re8 29. Bxc5 Nxc5 30. Rc1 b6 31. g4 h5 32. Kf1 hxg4 33. hxg4 Kg8
34. Re1 Rxe1+ 35. Kxe1 Kf8 36. Kd2 Ke7 37. Ke3 Kd6 38. Bc2 Ke5 39. f4+ Kd5 40.
g5 Kc4 41. Bd1 Kc3 42. gxf6 gxf6 43. Bf3 Kb3 44. Kd4 Kxa3 45. Be2 Kb2 46. Kd5 a5
47. Bb5 a4 48. Bxa4 Nxa4 49. Ke6 b5 50. Kxf6 Nc5 51. Ke7 Ne4 52. f6 Nxf6 53.
Kxf6 Kc2 54. Ke7 b4 55. f5 b3 56. f6 b2 57. f7 b1=Q 58. f8=Q Qe1+ 1/2-1/2

[Event "FIDE World Bl Team Pool C"]
[Site "London ENG"]
[Date "2025.06.14"]
[Round "12.6"]
[White "Mortazavi, Sami"]
[Black "Ivanov, Elizabeth"]
[Result "1/2-1/2"]
[WhiteElo "1805"]
[BlackElo "1738"]
[WhiteTeam "e-therapeutics"]
[BlackTeam "Wood Green Youth"]
[WhiteFideId "343443834"]
[BlackFideId "427284"]
[EventDate "2025.06.14"]
[EventType "team"]

1. e4 d5 2. exd5 Qxd5 3. Nc3 Qd8 4. Nf3 Bg4 5. Bc4 e6 6. d4 c6 7. h3 Bh5 8. g4
Bg6 9. Be3 Bb4 10. Qe2 Bxc3+ 11. bxc3 Nf6 12. Rb1 b6 13. O-O Nbd7 14. Bg5 Qc7
15. Ne5 Nd5 16. Bxd5 cxd5 17. Qb5 f6 18. Nxd7 Qxd7 19. Qxd7+ Kxd7 20. Bf4 Bxc2
21. Rb2 Bd3 22. Re1 h5 23. Re3 Bc4 24. g5 fxg5 25. Bxg5 Rhf8 26. Re5 Rf3 27. Be3
Rxh3 28. Kg2 Rh4 29. Kg3 Rg4+ 30. Kh3 Rf8 31. Rxh5 Rg6 32. a4 Bd3 33. a5 Kc6 34.
axb6 axb6 35. Ra2 Rf3+ 36. Kh2 Rf8 37. Ra7 b5 38. Ra6+ Kb7 39. Rd6 Be2 40. Rh4
Ra8 41. Rd7+ Kc6 42. Rf7 Ra1 43. Rh8 Bd3 44. Rc8+ Kb6 45. Rb8+ Kc6 46. Rc8+ Kb6
47. Rb8+ 1/2-1/2

[Event "FIDE World Bl Team Pool C"]
[Site "London ENG"]
[Date "2025.06.14"]
[Round "12.1"]
[White "Royal, Shreyas"]
[Black "D'Costa, Lorin"]
[Result "0-1"]
[WhiteTitle "GM"]
[BlackTitle "IM"]
[WhiteElo "2492"]
[BlackElo "2370"]
[WhiteTeam "Rookies"]
[BlackTeam "Chess Rising Stars"]
[WhiteFideId "448869"]
[BlackFideId "409219"]
[EventDate "2025.06.14"]
[EventType "team"]

1. Nf3 Nf6 2. c4 b6 3. g3 Bb7 4. Bg2 c5 5. O-O g6 6. Nc3 Bg7 7. d4 cxd4 8. Qxd4
d6 9. Rd1 Nbd7 10. Be3 O-O 11. Qh4 Rc8 12. Rac1 a6 13. b3 Rc7 14. Bh6 Qa8 15.
Bxg7 Kxg7 16. Qd4 Rfc8 17. Qe3 Nc5 18. h4 Ng4 19. Qd4+ Nf6 20. h5 b5 21. Nd5
Bxd5 22. cxd5 Nxb3 23. h6+ Kg8 24. Rxc7 Nxd4 25. Rxc8+ Qxc8 26. Nxd4 Qc4 27. Nc6
Kf8 28. Bf3 Qxa2 29. Rd3 b4 30. Kg2 a5 31. Nd4 Qc4 32. Rd2 0-1

[Event "FIDE World Bl Team Pool C"]
[Site "London ENG"]
[Date "2025.06.14"]
[Round "12.2"]
[White "Wu, Li"]
[Black "Akhilbay, Imangali"]
[Result "1/2-1/2"]
[WhiteTitle "FM"]
[BlackTitle "FM"]
[WhiteElo "2278"]
[BlackElo "2385"]
[WhiteTeam "Chess Rising Stars"]
[BlackTeam "Rookies"]
[WhiteFideId "411086"]
[BlackFideId "13734857"]
[EventDate "2025.06.14"]
[EventType "team"]

1. c4 Nf6 2. Nc3 e5 3. Nf3 Nc6 4. g3 d5 5. cxd5 Nxd5 6. Bg2 Nf6 7. O-O h6 8. d3
Bd6 9. a3 O-O 10. b4 Re8 11. Bb2 Bf5 12. Nd2 Qd7 13. Nce4 Nxe4 14. Nxe4 Bh3 15.
Rc1 Bxg2 16. Kxg2 a5 17. b5 Nd4 18. a4 Ne6 19. Qd2 Kh8 20. Bc3 b6 21. Qb2 f5 22.
Nxd6 cxd6 23. f3 Rac8 24. Bd2 Nd4 25. Be3 Rc5 26. Rfe1 Qc7 27. Kf2 Rc8 28. Rxc5
dxc5 29. f4 exf4 30. Bxd4 fxg3+ 31. hxg3 cxd4 32. Qxd4 Rd8 33. Qf4 Qc5+ 34. Qe3
Rd4 35. Rc1 Qd5 36. Rc6 Kh7 37. Qe6 Qxe6 38. Rxe6 Rxa4 39. Rxb6 Rb4 40. Kf3 Kg8
41. Rb7 a4 42. b6 a3 43. Ra7 Rxb6 44. Rxa3 Rb5 45. Ra7 Kh7 46. Kf4 Kg6 47. Ra6+
Kf7 48. e4 fxe4 49. dxe4 Rh5 50. g4 Rh1 51. Ra7+ Kg6 52. Ra6+ Kh7 53. Rb6 Rf1+
54. Kg3 Kg8 55. Rb7 1/2-1/2

[Event "FIDE World Bl Team Pool C"]
[Site "London ENG"]
[Date "2025.06.14"]
[Round "12.3"]
[White "Nurman, Alua"]
[Black "Cumming, Rhys"]
[Result "1-0"]
[WhiteTitle "WGM"]
[BlackTitle "FM"]
[WhiteElo "2339"]
[BlackElo "2285"]
[WhiteTeam "Rookies"]
[BlackTeam "Chess Rising Stars"]
[WhiteFideId "13729390"]
[BlackFideId "470163"]
[EventDate "2025.06.14"]
[EventType "team"]

1. e4 e5 2. Nf3 Nc6 3. Bb5 a6 4. Ba4 Nf6 5. O-O b5 6. Bb3 Bc5 7. c3 d6 8. a4 b4
9. d4 Ba7 10. h3 O-O 11. Re1 h6 12. Be3 Re8 13. Nbd2 Bb7 14. d5 Ne7 15. Bxa7
Rxa7 16. cxb4 Ng6 17. g3 Bc8 18. Kh2 Rb7 19. b5 axb5 20. axb5 Bd7 21. Bc4 Bxb5
22. Bxb5 Rxb5 23. Nc4 Qb8 24. Qc2 Kh7 25. Ra2 Rc5 26. Nfd2 Qb4 27. Rea1 c6 28.
Ra4 Qb8 29. b4 Rxc4 30. Qxc4 cxd5 31. exd5 Rc8 32. Qd3 Qb6 33. Kg1 Kh8 34. Ra8
Rxa8 35. Rxa8+ Kh7 36. Ra4 Qb7 37. Ne4 Nxd5 38. Nxd6 Qc6 39. Ra6 Qc1+ 40. Kh2
Nxb4 41. Qa3 Nxa6 42. Qxc1 1-0

[Event "FIDE World Bl Team Pool C"]
[Site "London ENG"]
[Date "2025.06.14"]
[Round "12.4"]
[White "Navrotescu, Andreea"]
[Black "Suleimen, Ergali"]
[Result "0-1"]
[WhiteTitle "WGM"]
[BlackTitle "FM"]
[WhiteElo "2333"]
[BlackElo "2302"]
[WhiteTeam "Chess Rising Stars"]
[BlackTeam "Rookies"]
[WhiteFideId "675946"]
[BlackFideId "13724452"]
[EventDate "2025.06.14"]
[EventType "team"]

1. d4 Nf6 2. c4 g6 3. Nf3 Bg7 4. g3 O-O 5. Bg2 d6 6. Nc3 c6 7. O-O Bf5 8. Qb3
Qb6 9. Na4 Qc7 10. Nd2 e5 11. e4 Bd7 12. dxe5 dxe5 13. Nc5 Bc8 14. Re1 Nbd7 15.
Nxd7 Nxd7 16. Qc2 Nc5 17. b4 Ne6 18. Bb2 a5 19. a3 Nd4 20. Qc3 Be6 21. c5 axb4
22. axb4 Rxa1 23. Bxa1 Ra8 24. Bf1 h5 25. Nc4 h4 26. Bb2 Bg4 27. Nd2 Bh6 28. f3
Bxd2 0-1

[Event "FIDE World Bl Team Pool C"]
[Site "London ENG"]
[Date "2025.06.14"]
[Round "12.5"]
[White "Nurgaliyeva, Zarina"]
[Black "Russell, Christopher"]
[Result "1-0"]
[WhiteTitle "WFM"]
[WhiteElo "2252"]
[BlackElo "2104"]
[WhiteTeam "Rookies"]
[BlackTeam "Chess Rising Stars"]
[WhiteFideId "13730096"]
[BlackFideId "413569"]
[EventDate "2025.06.14"]
[EventType "team"]

1. e4 e6 2. d4 d5 3. e5 c5 4. c3 Nc6 5. Nf3 Bd7 6. Bd3 cxd4 7. cxd4 Qb6 8. Bc2
Nb4 9. O-O Nxc2 10. Qxc2 Rc8 11. Nc3 Ne7 12. Bf4 Nf5 13. Rad1 Be7 14. Qe2 O-O
15. g4 Nh4 16. Nxh4 Bxh4 17. g5 f6 18. exf6 gxf6 19. Qg4 fxg5 20. Bxg5 Bxg5 21.
Qxg5+ Kh8 22. Qe5+ Kg8 23. Rd3 Rf7 24. Rg3+ Kf8 25. Kh1 Qxb2 26. Qd6+ Re7 27.
Rf3+ Ke8 28. Rg1 Kd8 29. Rg8+ 1-0

[Event "FIDE World Bl Team Pool C"]
[Site "London ENG"]
[Date "2025.06.14"]
[Round "12.6"]
[White "Mihailidou, Magdalini"]
[Black "Dauren, Darmen"]
[Result "0-1"]
[WhiteElo "1922"]
[BlackElo "2008"]
[WhiteTeam "Chess Rising Stars"]
[BlackTeam "Rookies"]
[WhiteFideId "25801236"]
[BlackFideId "13755579"]
[EventDate "2025.06.14"]
[EventType "team"]

1. e4 c5 2. Nf3 Nf6 3. Nc3 d5 4. e5 Nfd7 5. d4 e6 6. Be3 Nc6 7. Be2 a6 8. dxc5
Bxc5 9. Bxc5 Nxc5 10. Qd2 h6 11. O-O Qc7 12. Rfe1 Bd7 13. Bf1 Rd8 14. a3 Bc8 15.
Nd4 Nxd4 16. Qxd4 O-O 17. f4 b5 18. Kh1 Bb7 19. g3 Ne4 20. Bg2 Nxc3 21. bxc3 Rc8
22. Re3 Qc4 23. Qd2 Rfd8 24. Rd1 Rc7 25. Qf2 Qc5 26. Qe2 Qxa3 27. c4 Qc5 28.
cxd5 Bxd5 29. Bxd5 Rxd5 30. Red3 Rcd7 31. Qe4 Rxd3 32. cxd3 Qd5 33. Ra1 Qxe4+
34. dxe4 Ra7 35. Kg2 b4 36. Kf3 b3 37. Ke3 a5 38. Kd3 a4 39. Kc3 Rc7+ 40. Kb4
Rb7+ 41. Ka3 Kf8 42. Rb1 Ra7 43. f5 Ra5 44. f6 Rxe5 45. fxg7+ Kxg7 46. Kxa4
Rxe4+ 47. Kxb3 Re2 48. Rb2 Rxb2+ 49. Kxb2 Kf6 50. Kc3 Kf5 51. Kd4 Kg4 52. Ke5
Kh3 53. Kf6 Kxh2 54. g4 Kg3 55. Kxf7 e5 56. Kg6 Kxg4 57. Kxh6 e4 0-1

[Event "FIDE World Bl Team Pool C"]
[Site "London ENG"]
[Date "2025.06.14"]
[Round "13.1"]
[White "Gan-Erdene, Sugar"]
[Black "Abdusattorov, Nodirbek"]
[Result "1-0"]
[WhiteTitle "IM"]
[BlackTitle "GM"]
[WhiteElo "2454"]
[BlackElo "2767"]
[WhiteTeam "Mongolia-B"]
[BlackTeam "Uzbekistan"]
[WhiteFideId "4902980"]
[BlackFideId "14204118"]
[EventDate "2025.06.14"]
[EventType "team"]

1. e4 c5 2. Nf3 Nc6 3. d4 cxd4 4. Nxd4 e5 5. Nb5 d6 6. a4 a6 7. N5c3 Be6 8. Na3
Nf6 9. Nc4 Rc8 10. Be3 Nd4 11. Bxd4 Bxc4 12. Bxc4 Rxc4 13. Be3 Be7 14. Qd3 Qc8
15. Bg5 Rd4 16. Qe2 Qc4 17. Bxf6 Bxf6 18. f3 Bg5 19. Qxc4 Rxc4 20. Ke2 Kd7 21.
Rhd1 Rhc8 22. Rd3 Bd8 23. Rad1 R8c6 24. f4 exf4 25. e5 Be7 26. Kf3 Ke6 27. exd6
Bxd6 28. Ne4 Be7 29. Re1 Kf5 30. Nd2 Bb4 31. Rd5+ Kf6 32. Ne4+ Kg6 33. c3 Be7
34. b3 Rxc3+ 35. Nxc3 Rxc3+ 36. Kxf4 Bf6 37. Re3 Rc2 38. Rg3+ Kh6 39. Rdd3 g6
40. Rd7 Re2 41. Rf3 Rxg2 42. Ke4 Ba1 43. Rfxf7 Rg4+ 44. Kf3 Rb4 45. Rxh7+ Kg5
46. Rxb7 Rf4+ 47. Ke3 Bd4+ 48. Kd3 Bg1 49. Rbf7 Rb4 50. Kc3 Re4 51. Rf1 Bb6 52.
Rb7 Bd8 53. Kd3 Rh4 54. Rg1+ Kf5 55. Rf7+ Ke6 56. Rg7 g5 57. Rg6+ Kf5 58. Rxa6
Rxh2 59. Rd6 Be7 60. Rd5+ Kf4 61. Rf1+ Kg3 62. Re5 Bd8 63. Rf8 Rh1 64. Rxd8 Rd1+
65. Kc3 Rxd8 66. Rxg5+ Kf4 67. Rc5 Ke4 68. a5 Rd1 69. b4 Rc1+ 70. Kb3 Ra1 71.
Rh5 Kd4 72. Rh6 Kd5 73. a6 Kd4 74. Rd6+ Ke5 75. Rb6 Kd5 76. b5 Kc5 77. Rb7 Rb1+
78. Kc2 Ra1 79. a7 Kc4 80. b6 Ra2+ 81. Kd1 Kd3 82. Rd7+ Ke3 83. Rd8 1-0

[Event "FIDE World Bl Team Pool C"]
[Site "London ENG"]
[Date "2025.06.14"]
[Round "13.2"]
[White "Sindarov, Javokhir"]
[Black "Bilguun, Sumiya"]
[Result "1-0"]
[WhiteTitle "GM"]
[BlackTitle "GM"]
[WhiteElo "2710"]
[BlackElo "2451"]
[WhiteTeam "Uzbekistan"]
[BlackTeam "Mongolia-B"]
[WhiteFideId "14205483"]
[BlackFideId "4901541"]
[EventDate "2025.06.14"]
[EventType "team"]

1. e4 c5 2. Nf3 e6 3. d4 cxd4 4. Nxd4 a6 5. Nc3 b5 6. g3 Bb7 7. Bg2 Nf6 8. O-O
b4 9. Na4 Nxe4 10. Re1 d5 11. c4 bxc3 12. Nxc3 Nxc3 13. bxc3 Be7 14. Rb1 Qd7 15.
Qb3 Bc6 16. Nf5 Ba4 17. Qb7 Qxb7 18. Rxb7 Bf8 19. Bxd5 Nc6 20. Bg5 h6 21. Bxe6
fxe6 22. Rxe6+ Be7 23. Bxe7 Kf7 24. Re4 Kg6 25. Nh4+ Kh7 26. Rxa4 Rae8 27. Bc5
Re6 28. Rxa6 Rd8 29. Rc7 Rd1+ 30. Kg2 Nd8 31. Rxe6 Nxe6 32. Rc6 Ng5 33. Bd4 Rd2
34. a4 Ne4 35. Rc7 1-0

[Event "FIDE World Bl Team Pool C"]
[Site "London ENG"]
[Date "2025.06.14"]
[Round "13.3"]
[White "Batkhuyag, Munguntuul"]
[Black "Yakubboev, Nodirbek"]
[Result "0-1"]
[WhiteTitle "IM"]
[BlackTitle "GM"]
[WhiteElo "2356"]
[BlackElo "2659"]
[WhiteTeam "Mongolia-B"]
[BlackTeam "Uzbekistan"]
[WhiteFideId "4900758"]
[BlackFideId "14203987"]
[EventDate "2025.06.14"]
[EventType "team"]

1. e4 c5 2. Nf3 d6 3. d4 cxd4 4. Nxd4 Nf6 5. Nc3 a6 6. Rg1 h5 7. h3 h4 8. Be3 e6
9. Qd2 b5 10. Bd3 Bb7 11. a3 Nbd7 12. O-O-O Be7 13. f4 Nc5 14. e5 dxe5 15. fxe5
Nfd7 16. Bf4 Qc7 17. Kb1 O-O-O 18. Qe3 Nxd3 19. Rxd3 Nb6 20. Ndxb5 axb5 21. Nxb5
Nc4 22. Qe2 Qc5 23. Rc3 Qxg1+ 24. Ka2 Kd7 25. Qxc4 Bd5 26. Rd3 Ke8 27. Nc7+ Kf8
28. Nxd5 exd5 29. Rxd5 Qb6 30. Rxd8+ Bxd8 31. Bd2 Qe6 32. Bb4+ Ke8 33. Kb3 Kd7
34. a4 Rh5 35. Bd6 Qxc4+ 36. Kxc4 Bc7 37. Bxc7 Kxc7 38. Kd4 Rg5 39. b4 Rxg2 40.
c4 Rg3 41. Kc5 Rxh3 42. b5 Rb3 43. a5 h3 44. b6+ Kb7 0-1

[Event "FIDE World Bl Team Pool C"]
[Site "London ENG"]
[Date "2025.06.14"]
[Round "13.4"]
[White "Vokhidov, Shamsiddin"]
[Black "Mungunzul, Bat-Erdene"]
[Result "1-0"]
[WhiteTitle "GM"]
[BlackTitle "WCM"]
[WhiteElo "2644"]
[BlackElo "2337"]
[WhiteTeam "Uzbekistan"]
[BlackTeam "Mongolia-B"]
[WhiteFideId "14204223"]
[BlackFideId "4902831"]
[EventDate "2025.06.14"]
[EventType "team"]

1. e4 e5 2. Nf3 Nc6 3. Bb5 a6 4. Ba4 Nf6 5. O-O Be7 6. Re1 b5 7. Bb3 d6 8. a4
Bd7 9. d3 O-O 10. c3 Na5 11. Bc2 c5 12. Nbd2 Re8 13. Nf1 Bf8 14. Bg5 h6 15. Bh4
g6 16. Ne3 Be7 17. h3 b4 18. d4 cxd4 19. cxd4 exd4 20. Qxd4 b3 21. Bd3 Be6 22.
Rac1 Nb7 23. Bc4 Nc5 24. Bxe6 Nxe6 25. Qc4 Qb8 26. Nd5 Nxd5 27. exd5 Ng5 28. Nd4
Bf6 29. Nc6 Qb6 30. a5 Qb7 31. Bg3 Bxb2 32. Rxe8+ Rxe8 33. Rb1 Re4 34. Qd3 Bf6
35. h4 Ra4 36. hxg5 hxg5 37. Qxb3 Qxb3 38. Rxb3 Ra1+ 39. Kh2 Rd1 40. Rb6 Rxd5
41. Rxa6 1-0

[Event "FIDE World Bl Team Pool C"]
[Site "London ENG"]
[Date "2025.06.14"]
[Round "13.5"]
[White "Sodbilegt, Naranbold"]
[Black "Khamdamova, Afruza"]
[Result "0-1"]
[WhiteTitle "FM"]
[BlackTitle "WIM"]
[WhiteElo "2363"]
[BlackElo "2326"]
[WhiteTeam "Mongolia-B"]
[BlackTeam "Uzbekistan"]
[WhiteFideId "4903528"]
[BlackFideId "14210444"]
[EventDate "2025.06.14"]
[EventType "team"]

1. d4 d5 2. c4 e6 3. Nc3 Nf6 4. cxd5 exd5 5. Bg5 c6 6. e3 h6 7. Bh4 Be7 8. Bd3
O-O 9. Qc2 Re8 10. Nf3 Ne4 11. Bxe7 Qxe7 12. O-O Nd7 13. Rae1 Ndf6 14. Ne5 Bf5
15. f3 Nxc3 16. bxc3 Bxd3 17. Qxd3 c5 18. e4 cxd4 19. cxd4 Rad8 20. Rd1 Qc7 21.
Qb3 Qb6 22. Qxb6 axb6 23. Rfe1 dxe4 24. fxe4 Nxe4 25. Rxe4 f6 26. Rc1 fxe5 27.
dxe5 Re6 28. Rc2 Rd5 29. Rce2 Kf7 30. Kf2 g5 31. Kf3 Kg6 32. g4 b5 33. R4e3 b4
34. Re4 b5 35. Kg3 h5 36. gxh5+ Kxh5 37. R2e3 Rc5 38. h4 Rd5 39. hxg5 Kxg5 40.
Kf3 Kf5 41. Rf4+ Kg5 42. Rfe4 Kf5 43. Rf4+ Kg5 44. Rg4+ Kf5 45. Rxb4 Rexe5 46.
Rxe5+ Rxe5 47. a4 bxa4 48. Rxa4 0-1

[Event "FIDE World Bl Team Pool C"]
[Site "London ENG"]
[Date "2025.06.14"]
[Round "13.6"]
[White "Imomkuzieva, Nilufarkhon"]
[Black "Enkhbayar, Genden"]
[Result "1/2-1/2"]
[WhiteTitle "WFM"]
[WhiteElo "2066"]
[BlackElo "1837"]
[WhiteTeam "Uzbekistan"]
[BlackTeam "Mongolia-B"]
[WhiteFideId "14216736"]
[BlackFideId "4928415"]
[EventDate "2025.06.14"]
[EventType "team"]

1. e4 e5 2. Nf3 Nc6 3. Bc4 Bc5 4. d3 d6 5. c3 Bb6 6. O-O Nf6 7. Nbd2 O-O 8. a4
a5 9. h3 Ne7 10. Re1 Ng6 11. Nf1 h6 12. d4 Bd7 13. Ng3 Re8 14. Bd3 Qc8 15. Kh2
Kh8 16. Bc2 Nf4 17. dxe5 dxe5 18. Nxe5 Ng6 19. Nxd7 Nxd7 20. Be3 Bxe3 21. Rxe3
Nde5 22. Re1 Qe6 23. Bb3 Qf6 24. Qc2 Rad8 25. Rad1 Nf4 26. Rxd8 Rxd8 27. Rd1
Rxd1 28. Qxd1 Nfd3 29. Nf5 Nxf2 30. Qd4 Nfd3 31. Bd1 Kh7 32. Be2 Nxb2 33. Kg1
Nc6 34. Qxf6 gxf6 35. Bb5 Ne5 36. Be8 c6 37. Nd6 Kg6 38. Nxb7 Nxa4 39. Nxa5 Nxc3
40. Bxc6 Nxc6 41. Nxc6 Nxe4 42. Nd4 f5 43. Nf3 f6 44. Kf1 f4 45. Ke2 Ng5 46. Nd4
f5 47. Kf2 Kf6 48. h4 Ne4+ 49. Kf3 Ke5 50. Nc6+ Kd6 51. Nd4 Ke5 52. Nc6+ Kd6 53.
Nd4 Ke5 54. Nc6+ Kd6 1/2-1/2